000 00461nam a2200181Ia 4500
005 20250603145817.0
008 250603s9999 xx 000 0 und d
020 _a9781032308326
050 _aJF 1338 .A3 .T43/
100 _aEdited by McCandless, Sean .A
245 0 _aTeaching social equity in public administration
260 _aNew York
260 _bRoutledge
260 _c2024
300 _aXvi, 361p.: ill.
650 _aNew York
942 _cBK
999 _c42926
_d42926